Marx's concept of man

में बचाया:
ग्रंथसूची विवरण
मुख्य लेखक: Fromm, Erich
स्वरूप: पुस्तक
भाषा:Undetermined
प्रकाशित: New York, Estados Unidos Continuum 1992
विषय:
टैग: टैग जोड़ें
कोई टैग नहीं, इस रिकॉर्ड को टैग करने वाले पहले व्यक्ति बनें!

MARC

LEADER 00000nam a2200000Ia 4500
008 170316s9999 xx 000 0 und d
090 |a 100 F-35ma 
100 |a Fromm, Erich 
245 |a Marx's concept of man 
260 |a New York, Estados Unidos 
260 |b Continuum 
260 |c 1992 
300 |a 263 páginas 
650 |a FILOSOFÍA 
999 |c 16211  |d 16211 
040 |a cru BVZT 
942 |c 15 D  |h 100 F-35ma  |2 z